000 00695nam a2200229 4500
003 OSt
005 20240610015145.0
006 a
008 240610b |||||||| |||| 00| 0 eng d
020 _a9781259095245
040 _aDWCL-Main lib.
_cOC
082 _2nineteenth edition
_aCirc. 657.45 W626p 2014
100 _aWhittington, O. Ray
245 _aPrinciples of auditing & other assurance services /
250 _anineteenth edition
260 _aNew York :
_bMcGraw-Hill/Irwin,
_cc2014.
300 _axxiv,
_b827 p. : col. ill. ;
_c28 cm.
504 _aIncludes index.
650 _a1. Auditing.
700 _aO. Ray Whittington
942 _2ddc
_n0
_cBK-CIRC
_enineteenth edition
_kCirc.
999 _c424
_d424